Etiqueta de registo: 00560cas 2200217 450
001 836029
003 http://id.bnportugal.gov.pt/bib/catbnp/836029
100 ## $a19990126b19681970m y0pory01030103ba
101 0# $apor
102 ## $aPT
106 ## $ar
110 ## $aafazz 0uu0
200 1# $aPisca-Pisca$fdir. Álvaro Parreira$epropr. Editorial Mocidade
207 #0 $aA. 1, nº 1 (jan. 1968) - a. 3, nº 33 (dez. 1970)
210 #9 $aLisboa$cEditorial Mocidade,$d1968-1970
215 ## $d29 cm
317 ## $aColeção Leandro de Moraes Sarmento$5PTBN: L.M.S. 13
326 ## $aMensal
606 ## $aPublicações para jovens$x [ Periódicos]$2SIPOR$31993606
620 ## $dLisboa
675 ## $a087.5(05)$vmed$zpor$3288171
702 #1 $aParreira,$bAlvaro$4300$359160
712 02 $91$aEditorial Mocidade$4650$31994813
801 #0 $aPT$bBN$gRPC
966 ## $lBN$mFGREV$pBiblioteca particular Leandro de Moraes Sarmento$sL.M.S. 13 $x3
966 ## $lBN$mFGREV$sP.P. 12510 V.$x1